| 000 | 03361cam a22012254i 4500 | ||
|---|---|---|---|
| 003 | PE-LiUPU | ||
| 005 | 20250813185333.0 | ||
| 008 | 150710s1990 mx a r 001 0 spa d | ||
| 020 | _a9682429625 | ||
| 020 | _a9789682429620 | ||
| 035 | _a(Sirsi) i9789682429620 | ||
| 040 |
_aPE-LiUPU _bspa _cPE-LiUPU _erda |
||
| 049 | _aPRUA | ||
| 082 | 0 | 4 |
_a302.23 _bCH23 _221 |
| 100 | 1 |
_aCharles Creel, Mercedes, _eautor. |
|
| 245 | 1 | 0 | _aEducación para la Recepción. |
| 264 | 1 |
_aMéxico, D.F. : _bEditorial Trillas, _c1990. |
|
| 300 |
_a246 páginas : _bilustraciones ; _c22 centímetros. |
||
| 336 |
_atext _2rdacontent |
||
| 337 |
_aunmediated _2rdamedia |
||
| 338 |
_avolume _2rdacarrier |
||
| 490 | 0 | _aBliblioteca Básica de Comunicación Social | |
| 504 | _aÍndice: páginas 241-246. | ||
| 505 | 0 | _aEl niño como televidente no nace, se hace -- Para jugar con la televisión -- ¿Qué le vemos a la tele? -- Estudios sobre los medios en Australia -- La recepción activa de la TV.: la experiencia de CENECA -- Recepción crítica y organizaciones populares: la experiencia de Brasil -- Medios de comunicación y organizaciones populares: hacia una propuesta de recepción crítica a partir de los movimientos sociales. Medios de comunucacion. | |
| 526 | _aP202 | ||
| 526 | _aP201 | ||
| 526 | _aP163 | ||
| 526 | _aP162 | ||
| 526 | _aP161 | ||
| 526 | _aP160 | ||
| 526 | _aP148 | ||
| 526 | _aP147 | ||
| 526 | _aP146 | ||
| 526 | _aP145 | ||
| 526 | _aP144 | ||
| 526 | _aP143 | ||
| 526 | _aP142 | ||
| 526 | _aP141 | ||
| 526 | _aP140 | ||
| 526 | _aP139 | ||
| 526 | _aP138 | ||
| 526 | _aP137 | ||
| 526 | _aP136 | ||
| 526 | _aP135 | ||
| 526 | _aP134 | ||
| 526 | _aP133 | ||
| 526 | _aP129 | ||
| 526 | _aP128 | ||
| 526 | _aP127 | ||
| 526 | _aP120 | ||
| 526 | _aP119 | ||
| 526 | _aP118 | ||
| 526 | _aP116 | ||
| 526 | _aP115 | ||
| 526 | _aP114 | ||
| 526 | _aP110 | ||
| 526 | _aP109 | ||
| 526 | _aP108 | ||
| 526 | _aP104 | ||
| 526 | _aP103 | ||
| 526 | _aP102 | ||
| 526 | _aP99 | ||
| 526 | _aP98 | ||
| 526 | _aP97 | ||
| 526 | _aP96 | ||
| 526 | _aP95 | ||
| 526 | _aP93 | ||
| 526 | _aP90 | ||
| 526 | _aP89 | ||
| 526 | _aP88 | ||
| 526 | _aP83 | ||
| 526 | _aP82 | ||
| 526 | _aP62 | ||
| 526 | _aP59 | ||
| 526 | _aP58 | ||
| 526 | _aP57 | ||
| 526 | _aP51 | ||
| 526 | _aP49 | ||
| 526 | _aP48 | ||
| 526 | _aP47 | ||
| 526 | _aP29 | ||
| 526 | _aP24 | ||
| 526 | _aP20 | ||
| 526 | _aP19 | ||
| 526 | _aP17 | ||
| 526 | _aP15 | ||
| 526 | _aP14 | ||
| 526 | _aP12 | ||
| 526 | _aP10 | ||
| 526 | _aP09 | ||
| 526 | _aP08 | ||
| 526 | _aP07 | ||
| 526 | _aP06 | ||
| 526 | _aP05 | ||
| 526 | _aP04 | ||
| 526 | _aP01 | ||
| 650 | 0 | 4 | _aMEDIOS DE COMUNICACION DE MASAS. |
| 700 | 1 |
_aOrozco Gómez, Guillermo, _eautor. |
|
| 942 |
_2ddc _cBOOK |
||
| 949 |
_a302.23 CH23 _wDEWEY _c1 _i39744 _lCCODEBUL1 _mBUL _p28.00 _r0 _sY _tBOOK _u2015-7-10 _xEDUCACION _zUNKNOWN _0COMPRA _o.STAFF. Colección Ciencias Humanas y Educación |
||
| 994 |
_aC0 _bPEPRU |
||
| 596 | _a1 | ||
| 999 |
_a302.23 CH23 _wDEWEY _c12381 _i57190 _d12381 _e2016-10-16 _f2021-11-8 _g6 _lCCODEBUL1 _mBUL _n1 _p28.00 _q1 _r0 _sY _tBOOK _u2016-9-15 _xEDUCACION _PP20 _0COMPRA _o.STAFF. Colección Ciencias Humanas y Educación |
||
| 980 |
_81 _gALBERTO SANCHEZ Responsable de Automatización |
||